The Sublime Quran and orientalism (Record no. 614611)
[ view plain ]
| 000 -LEADER | |
|---|---|
| fixed length control field | 00302nam a22001217a 4500 |
| 082 ## - DEWEY DECIMAL CLASSIFICATION NUMBER | |
| Classification number | 297.1226 |
| Author Mark | KHA |
| 100 ## - MAIN ENTRY--PERSONAL NAME | |
| Personal name | Khalifa,Mohammad |
| 245 ## - TITLE STATEMENT | |
| Title | The Sublime Quran and orientalism |
| 260 ## - PUBLICATION, DISTRIBUTION, ETC. | |
| Place of publication, distribution, etc. | New York: |
| Name of publisher, distributor, etc. | Library of congress, |
| Date of publication, distribution, etc. | 1983. : |
| 300 ## - PHYSICAL DESCRIPTION | |
| Extent | 262p. ; |
| 563 ## - BINDING INFORMATION | |
| Binding note | HB |
| 942 ## - ADDED ENTRY ELEMENTS (KOHA) | |
| Source of classification or shelving scheme | |
| Koha item type | Book |
| Withdrawn status | Lost status | Source of classification or shelving scheme | Damaged status | Not for loan | Permanent Location | Current Location | Date acquired | Total Checkouts | Full call number | Barcode | Date last seen | Price effective from | Koha item type |
|---|---|---|---|---|---|---|---|---|---|---|---|---|---|
| Central Library (CL) | Central Library (CL) | 09/01/2025 | 297.1226 KHA | CL-D-3057 | 09/01/2025 | 09/01/2025 | Book |
